000 01556nam a2200409 i 4500
001 196225
003 ES-MaACL
005 20240926165911.0
007 ta
008 240820s1988 sp spa
016 7 _abimoBNE19910914082
_zSAB9000098870
_2SpMaBN
017 _aM 33896-1988
_bOficina Depósito Legal Madrid
020 _a842062568X
035 _a(OCoLC)54100181
035 _a(SpMaBN)bimo0000090104
035 _a991009692389708606
040 _aSpMaBN
_bspa
_cSpMaBN
_erdc
_dES-MaACL
080 _a530.145
100 1 _aFeynman, Richard Phillips,
_d1918-1988
_9238527
245 1 0 _aElectrodinámica cuántica :
_bla extraña teoría de la luz y la materia /
_cRichard P. Feynman ; versión española de Ana Gómez Antón.
260 _aMadrid :
_bAlianza Editorial,
_cD.L. 1988.
300 _a148 p. :
_bgráf. ;
_c20 cm
336 _2rdacontent
_atexto
337 _2rdamedia
_asin mediación
338 _2rdacarrier
_avolumen
490 1 _aAlianza universidad ;
_v568
594 _aTraducción de: QED
650 7 _aElectrodinámica cuántica
_2embne
_9238528
830 _9177276
_aAlianza universidad ;
_v568
852 _aES-MaACL
_cDEPO1
_jA-15347
_hDonación: José Manuel Duarte Cendán
_9203974
903 _aDuarte Cendán, José Manuel
_q1
_ednr
_9238529
942 _n0
_cMONOGRAFIA
999 _c196225
_d196225